Loading...
| Literature - American | 0 | 2 | 0 | 1 | 20 | 133 | 137.50 | 0 | 0 | 0.32 | 5.56 |
| Literature - European | 1 | 0 | 0 | 0 | 15 | 63 | 63.00 | 0 | 1 | 6.25 | 9.72 |
| Social Science | 0 | 1 | 0 | 0 | 10 | 65 | 65.00 | 0 | 1 | 4.89 | 9.72 |
| History - World | 1 | 0 | 1 | 0 | 10 | 51 | 51.00 | 0 | 0 | 6.39 | 6.94 |
| Philosophy | 0 | 1 | 0 | 0 | 10 | 117 | 117.00 | 0 | 0 | 1.55 | 2.78 |
| Mythology | 1 | 0 | 2 | 0 | 5 | 65 | 65.00 | 0 | 0 | 5.47 | 5.56 |
| Science - Physics | 0 | 1 | 1 | 0 | 5 | 93 | 93.00 | 0 | 1 | 2.57 | 9.72 |
| Religion | 0 | 1 | 1 | 0 | 5 | 116 | 116.00 | 0 | 0 | 2.16 | 6.94 |
| Fine Arts - Classical Music | 0 | 0 | 0 | 0 | 0 | 0.00 | 0 | 0 | 0.00 | 0.00 | |
| Science - Chemistry | 0 | 0 | 0 | 0 | 0 | 0.00 | 0 | 0 | 0.00 | 0.00 | |
| Fine Arts - Painting and Sculpture | 0 | 0 | 1 | 0 | -5 | 0.00 | 0 | 0 | 0.00 | 0.00 | |
| History - European | 0 | 0 | 1 | 0 | -5 | 0.00 | 0 | 0 | 0.00 | 0.00 | |
| Literature - World | 0 | 0 | 1 | 0 | -5 | 0.00 | 0 | 0 | 0.00 | 0.00 | |
| History - American | 0 | 0 | 2 | 0 | -10 | 0.00 | 0 | 0 | 0.00 | 0.00 | |
| Literature - British | 0 | 0 | 2 | 0 | -10 | 0.00 | 0 | 0 | 0.00 | 0.00 |